One Piece Shichibukai - Statistics

General Stats
  • This quiz has been taken 1,695 times
  • The average score is 9 of 11
Answer Stats
Answer % Correct
Boa Hancock
94%
Dracule Mihawk
94%
Donquixote Doflamingo
93%
Crocodile
91%
Bartholomew Kuma
87%
Marshall D Teach
82%
Trafalgar D Water Law
81%
Buggy
79%
Jinbe
79%
Edward Weevil
55%
Gekko Moriah
45%
No matching quizzes found
Score Distribution
Percent of People with Each Score
Percentile by Number Answered
Your Score History
You have not taken this quiz